000 00786nam a2200241Ia 4500
003 GCL
005 20240530102351.0
008 140319s9999 xx 000 0 ara d
040 _aGCL /
_cGCL
082 0 4 _a956.04
_bم ش
100 1 _aمحمود صالح منسى
245 1 0 _aالشرق العربى المعاصر القسم الاول الهلال الخصيب /
_cمحمود صالح منسى
260 _a[S.N] :
_bلجنة الاعلام والدراسات المستقبلية ،
_c1990
300 _a342 ص
650 0 4 _aالعصر الحديث
650 0 4 _aالعالم العربى
650 0 4 _aتاريخ
650 0 4 _aسوريا
650 0 4 _aفلسطين
650 0 4 _aالعراق
650 0 4 _aالادب العربى - تاريخ
942 _2ddc
_cBK
999 _c31744
_d31744